000 00907nam a2200241 i 4500
003 IT-RoINE
005 20241223114939.0
008 970519s1971 sp r 001 ||spa d
040 _aSpMaUCGH
_cIT-RoINE
_dIT-RoINE
100 1 _aPrimo de Rivera, José Antonio,
_d1903-1936
_915981
245 1 0 _aObras de José Antonio Primo de Rivera :
_bedición cronológica /
_crecopilación de Agustín del Río Cisneros.
250 _a6ª ed.
260 _a[Madrid] :
_bDelegación Nacional de la Sección Femenina del Movimiento ;
_a[Madrid] :
_b[Almena],
_c1971.
300 _aXXVII, 1153 p. ;
_c18 cm.
336 _2rdacontent
_atext
337 _2rdamedia
_aunmediated
338 _2rdacarrier
_avolume
500 _aIncluye índices.
610 2 4 _aFalange Española (España)
_xFuentes
_967343
650 4 _aFascismo
_zEspaña
_xFuentes
_967344
700 1 _aRío Cisneros, Agustín del
_916047
942 _cMTS
999 _c34177
_d34177